কাঁচের মানুষ / (Record no. 3845)
[ view plain ]
| 000 -LEADER | |
|---|---|
| fixed length control field | 00728nam a2200217 a 4500 |
| 001 - CONTROL NUMBER | |
| JCCL Control Number | 3845 |
| 003 - CONTROL NUMBER IDENTIFIER | |
| JCCL marc code | BD-JhCC |
| 005 - DATE AND TIME OF LATEST TRANSACTION | |
| control field | 20180305130606.0 |
| 008 - FIXED-LENGTH DATA ELEMENTS--GENERAL INFORMATION | |
| fixed length control field | 171119s1394 bg |||| |||| 000 0 ben d |
| 035 ## - SYSTEM CONTROL NUMBER | |
| system control number | (BD-JhCC) 3845 |
| 040 ## - CATALOGING SOURCE | |
| Original cataloging agency | BD-JhCC |
| Modifying agency | BD-JhCC |
| 041 ## - LANGUAGE CODE | |
| Language code of Book | ben |
| 082 ## - DEWEY DECIMAL CLASSIFICATION NUMBER | |
| Classification number | 891.443 |
| Author mark and Year | MUK 1394 |
| 100 ## - MAIN ENTRY--PERSONAL NAME | |
| Personal name | মুখোপাধ্যায়, শীর্ষেন্দু |
| 245 ## - TITLE STATEMENT | |
| Title | কাঁচের মানুষ / |
| Statement of responsibility, etc | শীর্ষেন্দু মুখোপাধ্যায় |
| 260 ## - PUBLICATION, DISTRIBUTION, ETC. (IMPRINT) | |
| Place of publication, distribution, etc | কলিকাতা : |
| Name of publisher, distributor, etc | মন্ডল বুক হাউজ, |
| Date of publication, distribution, etc | ১৩৯৪. |
| 300 ## - PHYSICAL DESCRIPTION | |
| Pagination | ১২৮ পৃ. : |
| Dimensions | ২১ সেমি. |
| 650 ## - SUBJECT ADDED ENTRY--TOPICAL TERM | |
| Topical term or geographic name as entry element | Bengali Novel |
| 942 ## - ADDED ENTRY ELEMENTS (KOHA) | |
| Source of classification or shelving scheme | Dewey Decimal Classification |
| Koha item type | Books |
| Source of classification or shelving scheme | Damaged status | Not for loan | Home library | Current library | Shelving location | Date of accession | Cost, normal purchase price | Total Checkouts | Full call number | Barcode | Date last seen | Copy number | Koha item type |
|---|---|---|---|---|---|---|---|---|---|---|---|---|---|
| Dewey Decimal Classification | JCC Rouf Library | JCC Rouf Library | General Stacks | 11/19/2017 | 15.00 | 891.443 MUK 1394 | 3889 | 11/19/2017 | C-1 | Books |